Регионална библиотека "Любен Каравелов" - Русе

Ти ли си най-подходящият за мен (Запис номер 118238)

MARC детайли
000 -Лидер
Контролно поле с фиксирана дължина 01963nam a2200421 c 4500
003 - Код на организацията, давaща контролен номер
Контролно поле BLK
005 - Дата и час на последна редакция
Контролно поле 20230124144424.0
008 - Елементи от данни с фиксирана дължина
fixed length control field 180409b bul|||||r ||||||| ||bul||
010 ## - Наследен системен номер
LC control number KNG00123840000
020 ## - Международен стандартен номер на книга ISBN
Международен стандартен номер на книга ISBN 978-954-527-445-9
-- издат.: Дамян Яков
040 ## - Източник на каталожния запис
Идентификатор на билиотеката - собственик на записа BLK
041 ## - Код за език
Код за езика на текст/звукозапис или на отделно заглавие Български
Код за езика КДБФ Български
072 #7 - Код за тематичната категория
Код организация bullib
Код за тематична категория Н15
Текст Психология Н
080 ## - УДК
Текстов определител УДК Любов. Дружба. Привързаност. Флирт
УДК код - определител по УДК 177.6
УДК определител (02.062)
УДК - код + определител 177.6(02.062)
080 ## - УДК
Текстов определител УДК Етика на съпружеските отношения. Брак. Развод. Вж и 347.6
УДК код - определител по УДК 173.1
УДК определител (02.062)
УДК - код + определител 173.1(02.062)
080 ## - УДК
Текстов определител УДК Психология на пола
УДК код - определител по УДК 159.922.1
УДК определител (02.062)
УДК - код + определител 159.922.1(02.062)
100 1# - Редна дума - Автор
Автор Де Анджелис, Барбара
Авторска отговорност първи автор
R(LIN) 244195
139 ## - Редно поле
Редна дума Де Анджелис, Барбара
Авторски знак Де - Д 30
245 10 - Сведения за заглавието
Заглавие Ти ли си най-подходящият за мен
Редно поле (дума) Барбара Де Анджелис; прев. от англ. Анжела Лазарова.
250 ## - Област на изданието
Сведения за изданието 2. изд.
257 ## - Страна на издаване
Страна на създаване/издаване Съединени американски щати
260 ## - Област на издателските данни
-- София
Име на издателя, разпространителя и проч. Дамян Яков
Година на издаване 2009
Печатница В. Търново : Абагар
300 ## - Физическа характеристика
Страници 568 с.
Размери/Мащаб 20 см
380 ## - Жанр
Жанр Философия
500 ## - Общи забележки
Забележка Ориг. загл. Are you the one for me / Barbara De Angelis. - 1. изд. 1994 г. - Пълното име на прев. е Анжела Лазарова-Петрова. В кн. погрешно означ. Анджела Лазарова.
650 #4 - Допълнително описание по предмет – тема
Основно описание – тема или топоним Любов - психология и етика
9 (RLIN) 264919
650 #4 - Допълнително описание по предмет – тема
Основно описание – тема или топоним Семейство - психология
9 (RLIN) 269906
653 ## - Ключова дума – ненормативна
Ключова дума приложна психология
653 ## - Ключова дума – ненормативна
Ключова дума семейна етика
653 ## - Ключова дума – ненормативна
Ключова дума любов
659 ## - Тематичен бюлетин
Тематичен бюлетин Н
700 1# - Други автори (авторска отговорност)
Лично име Лазарова, Анжела
Автороска отговорност (Описва отношението между автора и произведението) прев. от англ.
9 (RLIN) 364102
852 ## - Местоположение
Форматна сигнатура Цб 252108
856 4# - Електронен адрес и достъп
Електронен формат pdf - файл
Път до файла /url/
856 4# - Електронен адрес и достъп
Електронен формат pdf - файл
Път до файла /url/
942 ## - АРТИКУЛИ
Вид на библиотечния материал Книги
Скрит в OPAC Не
Koha issues (borrowed), all copies 4
944 ## - СЪЗДАВАНЕ И РЕДАКЦИЯ на ЗАПИСА
Създаване/Редакция Създаване
Дата на регистрацията/редакция 23.06.2011
Служител, извършил регистрацията/редакцията Геновева_Генчева
944 ## - СЪЗДАВАНЕ И РЕДАКЦИЯ на ЗАПИСА
Създаване/Редакция Редакция
Дата на регистрацията/редакция 21.10.2011
Служител, извършил регистрацията/редакцията
999 ## - СИСТЕМНИ КОНТРОЛНИ НОМЕРА
Koha biblionumber 118238
Koha biblioitemnumber 118238
Наличности
Код за отписване Код за изгубен артикул Код за повреда Коз за рестрикции Код за отдаване Артикулен № Име на библиотеката - собственик Име на библиотеката, в която се намира в момента Статус (Текущо местоположение) Дата на вписване в системата Местоположение - отдел Цена в лева Инвентарен номер Систематично азбучна сигнатура Баркод Номер на екземпляра Цена в евро Служебна бележка Служебен тип на артикула Източник на класификационната схема
  Не е изгубен Не е повреден без рестрикции ползва се в читалня 190529 Регионална библиотека "Любен Каравелов" Русе Регионална библиотека "Любен Каравелов" Русе Хранилище 2011-06-23 Хранилище 15.00 120000751365 Цб 252108 120000751365 1 7.67 Дост: Dp Вид: Д N: 3 Дата: 17.01.2011 Книги  
  Не е изгубен Не е повреден без рестрикции заемане за дома 730664 Регионална библиотека "Любен Каравелов" Русе Регионална библиотека "Любен Каравелов" Русе Заемна - подръчен фонд 2019-07-16 Заемна - подръчен фонд 15.00   П 177/Д 30 120000834313   7.67   Книги Universal Decimal Classification
Vip Innovations Ltd, Rousse, Bulgaria 2025